[Event "BEL-ch U20"]
[Site "Blankenberge"]
[Date "2017.04.13"]
[Round "7"]
[White "Clarenne, Axel"]
[Black "Snoeks, Pieter Jan"]
[Result "1/2-1/2"]
[WhiteElo "1717"]
[BlackElo "1888"]
[PlyCount "37"]
[EventDate "2017.04.09"]
[EventType "swiss"]
[EventRounds "9"]
[EventCountry "BEL"]
[SourceTitle "CBM 178 Extra"]
[Source "ChessBase"]
[SourceDate "2017.06.22"]
[SourceVersion "1"]
[SourceVersionDate "2017.06.22"]
[SourceQuality "1"]

1. e4 e6 2. d4 d5 3. exd5 exd5 4. Nf3 Bd6 5. Bd3 Qe7+ 6. Qe2 Bg4 7. Qxe7+ Nxe7 8. Bg5 Bxf3 9. gxf3 Nbc6 10. c3 0-0-0 11. Nd2 h6 12. Bh4 g5 13. Bg3 f5 14. Bxd6 Rxd6 15. 0-0-0 Rf6 16. Nf1 f4 17. h4 Rff8 18. Re1 Kd7 19. Kd1 1/2-1/2